00629nam a2200193 i 450000100060000000300090000600500170001500700030003200800410003510000360007624500600011226000380017230000220021049000120023283000200024485200320026499900170029695201220031339793ES-MaACL20230906160101.0t|030304s1963 sp ||||1| spa d1 aCampo Villegas, Gabriel.93422314aLos hombres nacen dos veces / cGabriel Campo Villegas. aBarcelona : bJuan Flors, c1963. a227 p. ; c19 cm.1 aRemanso0 aRemanso9181827 aES-MaACLjC-24675 bR.53353 c39793d39793 00104070aATENEOMbATENEOMcDEPO2d2008-01-17eSCl0oC-24675p1041904r2023-02-23 00:00:00w2023-02-23yMONOGRAFIA